000 00905nam a2200301 i 4500
001 47804
003 ES-MaACL
005 20230906161633.0
007 t|
008 030528s2002 sp ||||1| spa d
020 _a84-7702-400-6
080 _a821.111-34"18"
100 1 _aConrad, Joseph.
_940217
245 1 0 _aCuentos de inquietud /
_cJoseph Conrad ; traducción, Fernando Jadraque.
250 _a1ª ed.
260 _aMadrid :
_bValdemar,
_c2002.
300 _a181 p. ;
_c25 cm.
490 1 _aAvatares ;
_v54
505 8 _aKerain: un recuerdo ; Los idiotas ; Una avanzadilla del progreso ; El regreso ; La Laguna
740 0 _aKarain : un recuerdo.
740 4 _aLos idiotas.
740 4 _aUna avanzadilla del progreso.
740 3 _aEl regreso.
740 3 _aLa laguna.
830 0 _aAvatares ;
_v54
_9179735
852 _aES-MaACL
_jL-26380
_bR.131969
999 _c47804
_d47804